00501nam a22001697a 450000500170000001000130001702000150003003500130004503700080005808200110006610000160007724500630009325000100015626000420016627001010020830000220030920180914130610.0 aB-167872 a8175344822 aB-167872 bDpl a344.01 aKumar, H.L. aObligations of employers under labour laws/cby H.L. Kumar a4thed aDelhibUniversal law publishingc2005 aC-FF-1A, Dilkhush Industrial Estate, (Opp. Hans cinema, Azadpur) G.T. Karnal RoadbDelhie110033 axxxvi:370p.c20cm